Leadership for the disillusioned (Record no. 73614)
[ view plain ]
| 000 -LEADER | |
|---|---|
| fixed length control field | 00631nam a22001697a 4500 |
| 005 - DATE AND TIME OF LATEST TRANSACTION | |
| control field | 20111110110125.0 |
| 008 - FIXED-LENGTH DATA ELEMENTS--GENERAL INFORMATION | |
| fixed length control field | 111110t xxu||||| |||| 00| 0 eng d |
| 080 ## - UNIVERSAL DECIMAL CLASSIFICATION NUMBER | |
| Universal Decimal Classification number | 65.012.5 |
| Item number | SIN |
| 100 ## - MAIN ENTRY--PERSONAL NAME | |
| Personal name | Sinclair, Amanda |
| 245 ## - TITLE STATEMENT | |
| Title | Leadership for the disillusioned |
| Remainder of title | moving beyond myths and heroes to leading that liberates |
| 300 ## - PHYSICAL DESCRIPTION | |
| Extent | xxiv, 216p. |
| 653 ## - INDEX TERM--UNCONTROLLED | |
| Uncontrolled term | Leadership |
| -- | Transformational leadership |
| -- | Spirituality-leadership |
| 942 ## - ADDED ENTRY ELEMENTS (KOHA) | |
| item type | Books |
| 260 ## - PUBLICATION, DISTRIBUTION, ETC. (IMPRINT) | |
| Place of publication, distribution, etc | Australia |
| Name of publisher, distributor, etc | Allen & Unwin |
| Date of publication, distribution, etc | 2007 |
| 020 ## - INTERNATIONAL STANDARD BOOK NUMBER | |
| International Standard Book Number | 978174175100 |
| 260 ## - PUBLICATION, DISTRIBUTION, ETC. (IMPRINT) | |
| -- | 17942 |
| Lost status | Source of classification or shelving scheme | Not for loan | Home library | Current library | Shelving location | Date acquired | Total Checkouts | Full call number | Barcode | Date last seen | Price effective from | Koha item type |
|---|---|---|---|---|---|---|---|---|---|---|---|---|
| Universal Decimal Classification | University Library | University Library | General Stacks | 10/11/2011 | 65.012.5 SIN | 00059135 | 10/11/2011 | 10/11/2011 | Books |
